Advanced macroeconomics
Gespeichert in:
| 1. Verfasser: | |
|---|---|
| Format: | Buch |
| Sprache: | Englisch |
| Veröffentlicht: |
Boston
McGraw-Hill/Irwin
2006
|
| Ausgabe: | 3rd. ed. |
| Schlagworte: | |
| Tags: |
Keine Tags, Fügen Sie das erste Tag hinzu!
|
MARC
| LEADER | 00000nam$a2200000$$$4500 | ||
|---|---|---|---|
| 001 | 0059995 | ||
| 005 | 20240306135529.7 | ||
| 020 | |a 0-07-287730-8 | ||
| 020 | |a 978-0-07-287730-4 | ||
| 041 | 0 | |a eng | |
| 044 | |a US | ||
| 245 | 1 | 0 | |a Advanced macroeconomics |c David Romer |
| 250 | |a 3rd. ed. | ||
| 264 | 1 | |a Boston |b McGraw-Hill/Irwin |c 2006 | |
| 300 | |a 678 s. | ||
| 610 | 2 | 0 | |a makroekonomika |
| 610 | 2 | 0 | |a modely rastu |
| 610 | 2 | 0 | |a teórie rastu hospodárskeho |
| 610 | 2 | 0 | |a cykly obchodné |
| 610 | 2 | 0 | |a keynesizmus |
| 610 | 2 | 0 | |a fluktuácia |
| 610 | 2 | 0 | |a mikroekonomika |
| 610 | 2 | 0 | |a spotreba |
| 610 | 2 | 0 | |a investície |
| 610 | 2 | 0 | |a nezamestnanosť |
| 610 | 2 | 0 | |a inflácia |
| 610 | 2 | 0 | |a politika peňažná |
| 610 | 2 | 0 | |a rozpočty |
| 610 | 2 | 0 | |a deficit |
| 610 | 2 | 0 | |a politika fiškálna |
| 610 | 2 | 0 | |a modelovanie ekonometrické |
| 100 | 1 | |a Romer, David | |